| 000 | 00685nam a2200181 a 4500 | ||
|---|---|---|---|
| 005 | 20140412111336.0 | ||
| 008 | 031017s19uu xx 00 eng d | ||
| 020 | _a0-395-98310-X | ||
| 050 |
_aTR(GS 510.7 _bLe563 2000 |
||
| 245 |
_aMath steps lesson planner : _bcalifornia edition. |
||
| 260 |
_aBoston : _bHoughton Mifflin, _c2000. |
||
| 300 | _a63 p. | ||
| 440 | _aHoughton Mifflin | ||
| 500 | _aContents: Mathsteps and Mathland Connections--Unit-byUnit Planning for Complete Concept Development--MathSteps Correlation to the California Mathematics Academic Standards. | ||
| 650 | _aMathematics--Lesson Planning | ||
| 650 | _aMathematics--Study and Teaching | ||
| 999 |
_c105038 _d105038 |
||